Кинетический подход моделирования течения газокапельной среды; Известия Томского политехнического университета [Известия ТПУ]; Т. 305, вып. 3 : Проблемы и перспективы технологий атомной промышленности
| Parent link: | Известия Томского политехнического университета [Известия ТПУ]/ Томский политехнический университет (ТПУ).— , 2000- Т. 305, вып. 3 : Проблемы и перспективы технологий атомной промышленности.— 2002.— [С. 365-370] |
|---|---|
| मुख्य लेखक: | |
| अन्य लेखक: | , |
| सारांश: | Заглавие с титульного листа Электронная версия печатной публикации Работа посвящена моделированию течения двухфазной среды в энергосистемах, рабочим телом которых являются продукты сгорания металлизированных топлив. Представлены результаты численного расчета двухфазного течения в канале импульсного МГД-генератора. |
| भाषा: | रूसी |
| प्रकाशित: |
2002
|
| श्रृंखला: | Физика кинетических явлений |
| विषय: | |
| ऑनलाइन पहुंच: | http://www.lib.tpu.ru/fulltext/v/Bulletin_TPU/2002/v305/i3/64.pdf |
| स्वरूप: | इलेक्ट्रोनिक पुस्तक अध्याय |
| KOHA link: | https://koha.lib.tpu.ru/cgi-bin/koha/opac-detail.pl?biblionumber=163992 |
MARC
| LEADER | 00000nla2a2200000 4500 | ||
|---|---|---|---|
| 001 | 163992 | ||
| 005 | 20231031161040.0 | ||
| 035 | |a (RuTPU)RU\TPU\book\177908 | ||
| 035 | |a RU\TPU\book\177865 | ||
| 090 | |a 163992 | ||
| 100 | |a 20090826d2002 k y0rusy50 ca | ||
| 101 | 0 | |a rus | |
| 102 | |a RU | ||
| 135 | |a drnn ---uucaa | ||
| 181 | 0 | |a i | |
| 182 | 0 | |a b | |
| 200 | 1 | |a Кинетический подход моделирования течения газокапельной среды |b Электронный ресурс |f И. М. Васенин, Н. Н. Дьяченко, Л. И. Дьяченко | |
| 203 | |a Текст |c электронный | ||
| 215 | |a 1 файл (595 Кб) | ||
| 225 | 1 | |a Физика кинетических явлений | |
| 230 | |a Электронные текстовые данные (1 файл : 595 Кб) | ||
| 300 | |a Заглавие с титульного листа | ||
| 300 | |a Электронная версия печатной публикации | ||
| 320 | |a [Библиогр.: с. 370 (9 назв.)] | ||
| 330 | |a Работа посвящена моделированию течения двухфазной среды в энергосистемах, рабочим телом которых являются продукты сгорания металлизированных топлив. Представлены результаты численного расчета двухфазного течения в канале импульсного МГД-генератора. | ||
| 337 | |a Adobe Reader | ||
| 461 | 1 | |0 (RuTPU)RU\TPU\book\176237 |t Известия Томского политехнического университета [Известия ТПУ] |f Томский политехнический университет (ТПУ) |d 2000- | |
| 463 | 1 | |0 (RuTPU)RU\TPU\book\177520 |t Т. 305, вып. 3 : Проблемы и перспективы технологий атомной промышленности |o тематический выпуск |v [С. 365-370] |d 2002 |p 415 с. | |
| 610 | 1 | |a металлизированное топливо | |
| 610 | 1 | |a кинетический подход | |
| 610 | 1 | |a двухфазные течения | |
| 610 | 1 | |a МГД-генераторы | |
| 610 | 1 | |a электронный ресурс | |
| 610 | 1 | |a моделирование процесса | |
| 610 | 1 | |a газокапельная среда | |
| 610 | 1 | |a двухфазные среды | |
| 610 | 1 | |a течение газокапельной среды | |
| 610 | 1 | |a численные результаты | |
| 610 | 1 | |a импульсные генераторы | |
| 700 | 1 | |a Васенин |b И. М. | |
| 701 | 1 | |a Дьяченко |b Н. Н. | |
| 701 | 1 | |a Дьяченко |b Л. И. | |
| 801 | 1 | |a RU |b 63413507 |c 20090623 |g PSBO | |
| 801 | 2 | |a RU |b 63413507 |c 20210417 |g PSBO | |
| 856 | 4 | |u http://www.lib.tpu.ru/fulltext/v/Bulletin_TPU/2002/v305/i3/64.pdf | |
| 900 | |a Современные проблемы физики кинетических явлений | ||
| 942 | |c CF | ||